000 00297nam a22001337a 4500
008 170719b xxu||||| |||| 00| 0 eng d
020 _a9780312215804
041 _aeng
080 _a2
100 _a24
101 _aTEO
245 _aCONTEMPORARY DEBATES IN ISLAM
_cMOADDEL, M
942 _2udc
_cBK
999 _c21494
_d21494